书目信息 |
| 题名: |
红军长征的民间记忆
|
|
| 作者: | 朱林 著/摄影 | |
| 分册: | ||
| 出版信息: | 成都 四川人民出版社 2006.06 |
|
| 页数: | 186页 | |
| 开本: | 23cm | |
| 丛书名: | ||
| 单 册: | ||
| 中图分类: | K264.406 | |
| 科图分类: | ||
| 主题词: | 二万五千里长征--er wan wu qian li chang zheng--史料 | |
| 电子资源: | ||
| ISBN: | 7-220-07096-9 | |
| 000 | 00842nam0 2200217 450 | |
| 001 | 012006115140 | |
| 005 | 20061127151325.21 | |
| 010 | @a7-220-07096-9@dCNY32.00 | |
| 100 | @a20061027d2006 km y0chiy0120 ea | |
| 101 | 0 | @achi |
| 102 | @aCN@b510000 | |
| 105 | @aac z 000yy | |
| 200 | 1 | @a红军长征的民间记忆@Ahong jun zhang zheng de min jian ji yi@f朱林著/摄影@Fzhu lin zhu/she ying |
| 210 | @a成都@c四川人民出版社@d2006.06 | |
| 215 | @a186页@c图, 肖像@d23cm | |
| 330 | @a在红一、二、四三个方面红军长征经过的地方,民间留下了大量鲜为人知的红军故事,虽然时间过去了70年,岁月的风雨不带没有淡去其中的光亮,还增加了它的神秘的色彩,本书将其用文字记录下来。 | |
| 606 | 0 | @a二万五千里长征@Aer wan wu qian li chang zheng@x史料 |
| 690 | @aK264.406@v4 | |
| 701 | 0 | @a朱林@Azhu lin@4著/摄影 |
| 801 | 0 | @aCN@c20061127 |
| 905 | @a10447@dK264.406@eZ855 | |
| 红军长征的民间记忆/朱林著/摄影.-成都:四川人民出版社,2006.06 |
| 186页:图, 肖像;23cm |
| ISBN 7-220-07096-9:CNY32.00 |
| 在红一、二、四三个方面红军长征经过的地方,民间留下了大量鲜为人知的红军故事,虽然时间过去了70年,岁月的风雨不带没有淡去其中的光亮,还增加了它的神秘的色彩,本书将其用文字记录下来。 |
| ● |
| 相关链接 |
|
|
|
正题名:红军长征的民间记忆
索取号:K264.406/Z855
 
预约/预借
| 序号 | 登录号 | 条形码 | 馆藏地/架位号 | 状态 | 备注 |
| 1 | 223775 | 202237757 | 社科库309/309社科库 36排2列5层/ [索取号:K264.406/Z855] | 在馆 | |
| 2 | 223776 | 202237766 | 社科库309/309社科库 36排2列5层/ [索取号:K264.406/Z855] | 在馆 | |
| 3 | 223777 | 202237775 | 社科库309/309社科库 36排2列5层/ [索取号:K264.406/Z855] | 在馆 |